000 00553nam a2200169Ia 4500
008 090201s9999 xx 000 0 und d
010 _aKPL-30929
040 _bमराठी
041 _aमराठी
082 _a30535
_b30929
100 _aरंगराव बापू पाटील
245 _aरान कोंबडी
_cरंगराव बापू पाटील
260 _c2004
_bमेहता पब्लिशिंग
300 _a111
_bमोठा
600 _aरान कोंबडी
942 _cBOOK
999 _c229069
_d229069